| 000 | 00656cab a2200229 4500 | ||
|---|---|---|---|
| 001 | WB3207-17 | ||
| 008 | 090401t1996 xxu||||| |||| 00| 0 eng d | ||
| 035 | _a(Sirsi) u27890 | ||
| 041 | _aeng | ||
| 245 | _aNI economic boom threatened | ||
| 260 | _c1996 | ||
| 350 | _a0 | ||
| 490 |
_aIndependent _v13 February 1996, 3(1) |
||
| 520 | _aConsiders the advances that have been made in the Northern Ireland economy since the IRA ceasefire, now under threat. | ||
| 650 | _aBUSINESS CONFIDENCE | ||
| 650 | _aNORTHERN IRELAND | ||
| 650 | _aPEACE PROCESS | ||
| 650 | _aTERRORISM | ||
| 690 | _aECONOMIC AND SOCIAL | ||
| 942 | _n0 | ||
| 948 | _c04/03/1997 | ||
| 999 |
_c18800 _d18800 |
||